|
|
|
|
| LEADER |
02025nam a2200397 a 4500 |
| 001 |
37595 |
| 003 |
BD-DhAAL |
| 005 |
20230525141725.0 |
| 008 |
211221t2008 nyu b 000 0 eng d |
| 010 |
|
|
|a 2006049607
|
| 020 |
|
|
|a 9780802143006 (pbk.)
|
| 020 |
|
|
|a 9780241396667
|
| 020 |
|
|
|a 0802143008 (pbk.)
|
| 035 |
|
|
|a (OCoLC)ocm71286732
|
| 040 |
|
|
|a DLC
|c DLC
|d BAKER
|d BTCTA
|d YDXCP
|d C#P
|d BWX
|d VP@
|d ZLM
|d DLC
|d BD-DhAAL
|
| 041 |
1 |
|
|a eng
|
| 050 |
0 |
0 |
|a GN645
|b .F313 2008
|
| 082 |
0 |
0 |
|a 305.896
|2 22
|
| 100 |
1 |
|
|a Fanon, Frantz,
|d 1925-1961.
|9 43563
|
| 240 |
1 |
0 |
|a Peau noire, masques blancs.
|l English
|
| 245 |
1 |
0 |
|a Black skin, white masks /
|c Frantz Fanon ; translated from the French by Richard Philcox.
|
| 250 |
|
|
|a First edition, new edition
|
| 260 |
|
|
|a New York :
|b Grove Press ;
|a London :
|b Penguin Books ;
|a Berkeley, Calif. :
|b Distributed by Publishers Group West,
|c c2008.
|
| 300 |
|
|
|a xviii, 206 pages ;
|c 21 cm.
|
| 504 |
|
|
|a Includes bibliographical references.
|
| 505 |
0 |
|
|a The black man and language -- The woman of color and the white man -- The man of color and the white woman -- The so-called dependency complex of the colonized -- The lived experience of the black man -- The black man and the psychopathology -- The black man and recognition -- The black man and Adler -- The black man and Hegel.
|
| 526 |
|
|
|a ESS
|
| 541 |
|
|
|a Karim International
|e 37595, 38391
|
| 650 |
|
0 |
|a Black race
|x Social conditions.
|9 43564
|
| 650 |
|
0 |
|a Black race
|x Psychology.
|9 43565
|
| 650 |
|
0 |
|a Economics.
|9 43566
|
| 852 |
|
|
|a Ayesha Abed Library
|c General Stacks
|
| 942 |
|
|
|2 ddc
|c BK
|
| 999 |
|
|
|c 43363
|d 43363
|
| 952 |
|
|
|0 0
|1 0
|2 ddc
|4 0
|6 305_896000000000000_FAN
|7 0
|9 69552
|a BRACUL
|b BRACUL
|c GEN
|d 2021-12-21
|e Karim International
|g 1820.00
|l 7
|m 62
|o 305.896 FAN
|p 3010037595
|r 2026-05-10
|s 2026-02-22
|t 1
|w 2021-12-21
|y BK
|
| 952 |
|
|
|0 0
|1 0
|2 ddc
|4 0
|6 305_896000000000000_FAN
|7 0
|9 70418
|a BRACUL
|b BRACUL
|c GEN
|d 2022-04-07
|e Karim International
|g 770.00
|l 5
|m 20
|o 305.896 FAN
|p 3010038391
|r 2024-02-06
|s 2024-01-11
|t 1
|v 770.00
|w 2022-04-07
|y BK
|